Evaluación económica de alternativas operacionales y proyectos de inversión / (Registro nro. 8276)

Detalles MARC
000 -LEADER
fixed length control field 01200nam a2200241Ia 4500
003 - CONTROL NUMBER IDENTIFIER
control field OSt
005 - DATE AND TIME OF LATEST TRANSACTION
control field 20210809162539.0
008 - FIXED-LENGTH DATA ELEMENTS--GENERAL INFORMATION
fixed length control field 210310t1982 ck ad fr 000 0 spa d
020 ## - INTERNATIONAL STANDARD BOOK NUMBER
International Standard Book Number 8482763822
040 ## - CATALOGING SOURCE
Original cataloging agency CO-JMCR
Transcribing agency CO-JMCR
041 0# - LANGUAGE CODE
Language code of text/sound track or separate title spa
082 04 - DEWEY DECIMAL CLASSIFICATION NUMBER
Classification number 332.67 /
Item number V293e
Edition number 23
100 1# - MAIN ENTRY--PERSONAL NAME
Personal name Varela Villegas, Rodrigo,
9 (RLIN) 16820
Relator term autor
245 10 - TITLE STATEMENT
Title Evaluación económica de alternativas operacionales y proyectos de inversión /
Statement of responsibility, etc. Rodrigo Varela Villegas
260 ## - PUBLICATION, DISTRIBUTION, ETC.
Place of publication, distribution, etc. Bogotá :
Name of publisher, distributor, etc. Norma,
Date of publication, distribution, etc. ©1982
300 ## - PHYSICAL DESCRIPTION
Extent 389 páginas ;
Dimensions 23 cm.
504 ## - BIBLIOGRAPHY, ETC. NOTE
Bibliography, etc. note Bibliografía: página 341
505 0# - FORMATTED CONTENTS NOTE
Formatted contents note Introducción a la evaluación de proyectos -- Equivalencia -- Criterios decisorios -- Evaluación económica y comparación de alternativas que producen el mismo servicio -- Evaluación económica y comparación de alternativas que producen diferente servicio -- Evaluaciones económicas después de impuestos -- Criterios decisorios después de impuestos -- Evaluaciones con dinero prestado -- Evaluaciones especiales
650 14 - SUBJECT ADDED ENTRY--TOPICAL TERM
Topical term or geographic name entry element Proyectos de inversión
9 (RLIN) 16822
General subdivision Evaluación
650 24 - SUBJECT ADDED ENTRY--TOPICAL TERM
Topical term or geographic name entry element Evaluación de proyectos
9 (RLIN) 2814
650 24 - SUBJECT ADDED ENTRY--TOPICAL TERM
Topical term or geographic name entry element Inversiones
Geographic subdivision Evaluación económica
9 (RLIN) 39217
942 ## - ADDED ENTRY ELEMENTS (KOHA)
Source of classification or shelving scheme Dewey Decimal Classification
Koha item type Books
Existencias
Withdrawn status Lost status Source of classification or shelving scheme Damaged status Not for loan Collection code Home library Current library Date acquired Source of acquisition Full call number Barcode Date last seen Copy number Koha item type
    Dewey Decimal Classification     Non-fiction Biblioteca Pública José María del Castillo y Rada Biblioteca Pública José María del Castillo y Rada 04/15/2018 Donación 332.67 / V293e 430002863 05/16/2024 Ej.1 Books